000 00463nam a2200181Ia 4500
008 230524s9999 xx 000 0 und d
020 _a9971512998
082 _a621.4021
_bMOR
100 _aMichaee J.Moran
245 0 _aFundamentals of Engineering Thermodynamics
250 _a4TH
260 _aNEW DELHI
_bJohn Wiley
_c2000
300 _aXV;918
500 _aQuantity Number: 9
650 _aThermodynamics
700 _a Howard N.Shapiro
942 _cBK
999 _c13682
_d13682